<?xml version="1.0" encoding="UTF-8"?>
<record
    xmlns:xsi="http://www.w3.org/2001/XMLSchema-instance"
    xsi:schemaLocation="http://www.loc.gov/MARC21/slim http://www.loc.gov/standards/marcxml/schema/MARC21slim.xsd"
    xmlns="http://www.loc.gov/MARC21/slim">

  <leader>00509nam a22001817a 4500</leader>
  <controlfield tag="003">OSt</controlfield>
  <controlfield tag="005">20240809113405.0</controlfield>
  <controlfield tag="008">240809b        |||||||| |||| 00| 0 eng d</controlfield>
  <datafield tag="020" ind1=" " ind2=" ">
    <subfield code="a">81-8423-117-2</subfield>
  </datafield>
  <datafield tag="040" ind1=" " ind2=" ">
    <subfield code="c">SBCL</subfield>
  </datafield>
  <datafield tag="082" ind1=" " ind2=" ">
    <subfield code="a">894.8123</subfield>
    <subfield code="b">BEN-A</subfield>
  </datafield>
  <datafield tag="100" ind1=" " ind2=" ">
    <subfield code="a">Benyamin</subfield>
  </datafield>
  <datafield tag="245" ind1=" " ind2=" ">
    <subfield code="a">Aadujeevitham</subfield>
  </datafield>
  <datafield tag="260" ind1=" " ind2=" ">
    <subfield code="a">Thrissur</subfield>
    <subfield code="b">Green House </subfield>
  </datafield>
  <datafield tag="300" ind1=" " ind2=" ">
    <subfield code="a">200p.</subfield>
  </datafield>
  <datafield tag="650" ind1=" " ind2=" ">
    <subfield code="2">Literature and rhetoric</subfield>
    <subfield code="a">Literatures of other languages</subfield>
    <subfield code="v">Altaic, Uralic, Hyperborean and  Dravidian</subfield>
    <subfield code="x">Malayalam  Novel</subfield>
  </datafield>
  <datafield tag="942" ind1=" " ind2=" ">
    <subfield code="c">BOOK</subfield>
  </datafield>
  <datafield tag="952" ind1=" " ind2=" ">
    <subfield code="0">0</subfield>
    <subfield code="1">0</subfield>
    <subfield code="2">ddc</subfield>
    <subfield code="4">0</subfield>
    <subfield code="7">0</subfield>
    <subfield code="a">SBCL</subfield>
    <subfield code="b">SBCL</subfield>
    <subfield code="d">2024-08-09</subfield>
    <subfield code="l">12</subfield>
    <subfield code="o">894.8123 BEN-A</subfield>
    <subfield code="p">142417</subfield>
    <subfield code="q">2025-12-20</subfield>
    <subfield code="r">2025-12-04 15:02:35</subfield>
    <subfield code="s">2025-12-04</subfield>
    <subfield code="v">300.00</subfield>
    <subfield code="w">2024-08-09</subfield>
    <subfield code="y">BOOK</subfield>
  </datafield>
  <datafield tag="999" ind1=" " ind2=" ">
    <subfield code="c">136185</subfield>
    <subfield code="d">136185</subfield>
  </datafield>
</record>
